| 000 | 00000nam 2200000za 4500 |
| 001 | 9.612905 |
| 003 | CaOODSP |
| 005 | 20220316111636 |
| 007 | ta |
| 008 | 150406|1996||||xxc||||| f|0| 0 eng d |
| 020 | |a0-662-24243-2 |
| 040 | |aCaOODSP|beng |
| 043 | |an-cn--- |
| 086 | 1 |aC2-280/6-1996E |
| 110 | 1 |aCanada. |bIndustry Canada. |
| 245 | 10|aTake-over bids |
| 260 | |aOttawa - Ontario : |bIndustry Canada |c1996. |
| 300 | |aiv, 67p. : |breferences ; |c28 cm. + |ea questionnaire, 16p. |
| 490 | 1 |aCanada Business Corporations Act |
| 500 | |a"This paper reviews: the rational for government regulation of take-over bids; the suggestions for amendments presented by participants in the initial round of the consultation process; the arguments for and against repeal of the take-over bid provisions of the CBCA; the proposals for updating the take-over bid provisions of the CBCA if they are maintained; and the issue of take-over bid defensive measures."--Introduction. |
| 520 | 3 |aThis paper reviews: the rational for government regulation of take-over bids; the suggestions for amendments presented by participants in the initial round of the consultation process; the arguments for and against repeal of the take-over bid provisions of the CBCA; the proposals for updating the take-over bid provisions of the CBCA if they are maintained; and the issue of take-over bid defensive measures.--Introduction |
| 563 | |aProcessed |
| 590 | |a96-08|b1996-02-23 |
| 690 | 07|aCorporations|2gcpds |
| 776 | 0#|tCanada Business Corporations Act : |w(CaOODSP)9.909138 |
| 830 | #0|aCanada Business Corporations Act.|w(CaOODSP)9.514429 |